[Event "Erfurt ST op 27th"]
[Site "Erfurt"]
[Date "2017.12.27"]
[Round "2"]
[White "Hess, Juergen"]
[Black "Huettemann, Karl Heinz"]
[Result "1/2-1/2"]
[WhiteElo "1896"]
[BlackElo "2092"]
[PlyCount "63"]
[EventDate "2017.12.26"]
[EventType "swiss"]
[EventRounds "5"]
[EventCountry "GER"]
[SourceTitle "CBM 182 Extra"]
[Source "ChessBase"]
[SourceDate "2018.02.23"]
[SourceVersion "1"]
[SourceVersionDate "2018.02.23"]
[SourceQuality "1"]

1. e4 c5 2. Nf3 Nf6 3. Nc3 d5 4. exd5 Nxd5 5. Bb5+ Bd7 6. Bxd7+ Qxd7 7. Nxd5 Qxd5 8. 0-0 Nc6 9. Qe2 a6 10. b3 e5 11. Re1 f6 12. Bb2 0-0-0 13. d3 Nd4 14. Nxd4 cxd4 15. f4 Bb4 16. Qg4+ Qd7 17. Qxd7+ Rxd7 18. Re4 Bd6 19. fxe5 Bxe5 20. Rae1 Rhd8 21. R1e2 Rc7 22. Bc1 Rd5 23. Bf4 Bxf4 24. Rxf4 f5 25. g4 fxg4 26. Rxg4 g5 27. Rge4 Rcd7 28. Re8+ Kc7 29. R2e5 Kd6 30. R5e6+ Kc7 31. Re5 Kd6 32. R5e6+ 1/2-1/2

[Event "GER-chT11-B1 email"]
[Site "GER email"]
[Date "2015.10.15"]
[Round "?.4"]
[White "Hess, Juergen"]
[Black "Schott, Detlef"]
[Result "1/2-1/2"]
[WhiteElo "2371"]
[BlackElo "2295"]
[PlyCount "76"]
[EventDate "2015.??.??"]
[EventType "tourn (corr)"]
[EventRounds "8"]
[EventCountry "GER"]
[SourceTitle "Corr 2017"]
[Source "ChessBase"]
[SourceDate "2017.09.19"]
[SourceVersion "1"]
[SourceVersionDate "2017.09.19"]
[SourceQuality "1"]
[WhiteTeam "FC Concordia Viersen"]
[BlackTeam "FSG Sparrenburg Bielefeld"]

1. e4 e5 2. Nf3 Nc6 3. Bb5 a6 4. Ba4 Nf6 5. 0-0 Be7 6. Re1 b5 7. Bb3 0-0 8. c3 d6 9. h3 Bb7 10. d4 Re8 11. Ng5 Rf8 12. Nf3 Nd7 13. Nbd2 exd4 14. cxd4 Bf6 15. Nf1 Na5 16. Bc2 Re8 17. N1h2 c5 18. Ng4 cxd4 19. Nxd4 Bxd4 20. Qxd4 Rc8 21. Qd1 h5 22. Nh2 d5 23. e5 Nxe5 24. Bf5 Rc6 25. b3 Rd6 26. f4 Nd7 27. Ba3 Rf6 28. Qxh5 g6 29. Qh4 Rxf5 30. Rxe8+ Qxe8 31. Re1 Qb8 32. Bb2 d4 33. Bxd4 Rh5 34. Qe7 Rd5 35. Ng4 Rxd4 36. Nh6+ Kg7 37. Nf5+ gxf5 38. Qg5+ Kh7 1/2-1/2

[Event "GER-chT10 LJ-22 Br03 email"]
[Site "GER email"]
[Date "2013.10.04"]
[Round "?"]
[White "Hess, Juergen"]
[Black "Hoppe, Frank"]
[Result "1/2-1/2"]
[WhiteElo "2180"]
[BlackElo "2087"]
[PlyCount "81"]
[EventDate "2013.10.15"]
[EventType "tourn (corr)"]
[EventRounds "8"]
[EventCountry "GER"]
[SourceTitle "Corr 2020"]
[Source "ChessBase"]
[SourceDate "2019.09.30"]
[SourceVersion "1"]
[SourceVersionDate "2019.09.30"]
[SourceQuality "1"]

1. e4 e5 2. Nf3 Nf6 3. Nxe5 d6 4. Nf3 Nxe4 5. d4 d5 6. Bd3 Bd6 7. 0-0 0-0 8. c4 c6 9. Qc2 Na6 10. a3 Bg4 11. Ne5 Bxe5 12. dxe5 Nac5 13. f3 Be6 14. b4 Nb3 15. Ra2 Nxc1 16. Qxc1 Ng5 17. Rd2 Qe7 18. f4 Ne4 19. Rc2 a5 20. cxd5 cxd5 21. Rc7 Qd8 22. Rxb7 Bc8 23. Rc7 axb4 24. axb4 Bf5 25. Bxe4 dxe4 26. Rd1 Qb8 27. Qc5 Rd8 28. Rxd8+ Qxd8 29. Qd6 h5 30. Qxd8+ Rxd8 31. Rc1 Rb8 32. Nd2 e3 33. Nf1 e2 34. Ne3 Bd3 35. Kf2 Rxb4 36. g3 Kh7 37. Ng2 Bb5 38. Ne1 Kg6 39. Nf3 Kf5 40. Rc7 Rb1 41. Ne1 1/2-1/2

[Event "GER-chT10 LJ-22 Br03 email"]
[Site "GER email"]
[Date "2013.10.04"]
[Round "?"]
[White "Hess, Juergen"]
[Black "Kruschinski, Dirk"]
[Result "1/2-1/2"]
[WhiteElo "2180"]
[BlackElo "2192"]
[PlyCount "81"]
[EventDate "2013.10.15"]
[EventType "tourn (corr)"]
[EventRounds "8"]
[EventCountry "GER"]
[SourceTitle "Corr 2020"]
[Source "ChessBase"]
[SourceDate "2019.09.30"]
[SourceVersion "1"]
[SourceVersionDate "2019.09.30"]
[SourceQuality "1"]

1. e4 e5 2. Nf3 Nc6 3. Bb5 a6 4. Ba4 Nf6 5. 0-0 Be7 6. Re1 b5 7. Bb3 d6 8. c3 0-0 9. h3 Bb7 10. d4 Re8 11. Nbd2 Bf8 12. a4 exd4 13. cxd4 h6 14. Bc2 Nb4 15. Bb1 c5 16. d5 Nd7 17. Ra3 g6 18. Nf1 Bg7 19. a5 Rc8 20. N1h2 Kh7 21. Ng4 h5 22. Ngh2 c4 23. g4 hxg4 24. Nxg4 Nc5 25. Bg5 f6 26. Qd2 fxg5 27. Qxb4 Kg8 28. Qd2 Nb3 29. Rxb3 cxb3 30. Nxg5 Rc4 31. Ne6 Rxe6 32. dxe6 Qe7 33. Qd3 Bxb2 34. e5 Qxe6 35. Nf6+ Kf8 36. Qxg6 dxe5 37. Bf5 Qf7 38. Nd7+ Ke8 39. Nf6+ Kf8 40. Nd7+ Ke8 41. Nf6+ 1/2-1/2

[Event "GER-chT10 LJ-22 Br03 email"]
[Site "GER email"]
[Date "2013.10.04"]
[Round "?"]
[White "Ripper, Manfred"]
[Black "Hess, Juergen"]
[Result "1/2-1/2"]
[WhiteElo "2105"]
[BlackElo "2180"]
[PlyCount "56"]
[EventDate "2013.10.15"]
[EventType "tourn (corr)"]
[EventRounds "8"]
[EventCountry "GER"]
[SourceTitle "Corr 2020"]
[Source "ChessBase"]
[SourceDate "2019.09.30"]
[SourceVersion "1"]
[SourceVersionDate "2019.09.30"]
[SourceQuality "1"]

1. c4 Nf6 2. d4 g6 3. Nc3 d5 4. cxd5 Nxd5 5. e4 Nxc3 6. bxc3 Bg7 7. Nf3 c5 8. Rb1 0-0 9. Be2 cxd4 10. cxd4 Qa5+ 11. Bd2 Qxa2 12. 0-0 Bg4 13. Bg5 h6 14. Be3 Nc6 15. d5 Bxf3 16. Bxf3 Ne5 17. Rxb7 a5 18. Be2 Nc4 19. Rxe7 Qa3 20. Bxc4 Qxe7 21. d6 Qxe4 22. Bd5 Qb4 23. Bxa8 Rxa8 24. Qd5 Rd8 25. Bc5 Qb5 26. Rd1 a4 27. g3 Bb2 28. Rd3 a3 1/2-1/2

[Event "GER-chT9 LI-22 Br01 email"]
[Site "GER email"]
[Date "2011.10.17"]
[Round "?"]
[White "Dorer, Manfred"]
[Black "Hess, Juergen"]
[Result "1/2-1/2"]
[WhiteElo "2158"]
[BlackElo "2201"]
[PlyCount "50"]
[EventDate "2011.10.23"]
[EventType "tourn (corr)"]
[EventRounds "9"]
[EventCountry "GER"]
[SourceTitle "Corr 2015"]
[Source "ChessBase"]
[SourceDate "2015.07.17"]
[SourceVersion "1"]
[SourceVersionDate "2015.07.17"]
[SourceQuality "1"]

1. e4 e5 2. Nf3 Nc6 3. Bb5 a6 4. Ba4 Nf6 5. 0-0 Be7 6. Re1 b5 7. Bb3 d6 8. c3 0-0 9. h3 Na5 10. Bc2 c5 11. d4 Nd7 12. Nbd2 exd4 13. cxd4 Nc6 14. d5 Nce5 15. a4 Rb8 16. axb5 axb5 17. Nxe5 Nxe5 18. f4 Ng6 19. Nf3 Bh4 20. Nxh4 Qxh4 21. f5 Ne5 22. Rf1 b4 23. Bf4 Qe7 24. Qe1 f6 25. Qg3 Nf7 1/2-1/2

[Event "GER-chT9 LI-22 Br01 email"]
[Site "GER email"]
[Date "2011.10.17"]
[Round "?"]
[White "Hess, Juergen"]
[Black "Bucher, Heinz"]
[Result "1/2-1/2"]
[WhiteElo "2201"]
[BlackElo "2263"]
[PlyCount "93"]
[EventDate "2011.10.23"]
[EventType "tourn (corr)"]
[EventRounds "9"]
[EventCountry "GER"]
[SourceTitle "Corr 2015"]
[Source "ChessBase"]
[SourceDate "2015.07.17"]
[SourceVersion "1"]
[SourceVersionDate "2015.07.17"]
[SourceQuality "1"]

1. e4 c5 2. Nf3 d6 3. d4 cxd4 4. Nxd4 Nf6 5. Nc3 a6 6. Bg5 e6 7. f4 Nbd7 8. Qf3 Qc7 9. 0-0-0 b5 10. Bd3 Qb6 11. Nxe6 fxe6 12. e5 Bb7 13. Qh3 dxe5 14. fxe5 Nxe5 15. Rhe1 Nfd7 16. Bf5 Be7 17. Be3 Qc7 18. Bxe6 0-0-0 19. Bf4 Nd3+ 20. Rxd3 Qxf4+ 21. Kb1 Kc7 22. Bxd7 Bd6 23. g3 Qg5 24. Bf5 Rhe8 25. Ne4 Bb4 26. Qxh7 Bxe4 27. Rxe4 Rxd3 28. cxd3 Rxe4 29. dxe4 Qf6 30. a3 Bd6 31. Qg8 Qd4 32. Qd5 Qxd5 33. exd5 Bc5 34. b4 Bg1 35. h3 Bh2 36. g4 g5 37. Kc2 Bg3 38. Kd3 Bf4 39. Kc3 Be5+ 40. Kb3 Bg3 41. Be6 Be1 42. Bf5 Bg3 43. Be4 Be1 44. a4 bxa4+ 45. Kxa4 Kd6 46. Bf3 Bd2 47. Bg2 1/2-1/2

[Event "GER-chT9 LI-22 Br01 email"]
[Site "GER email"]
[Date "2011.10.17"]
[Round "?"]
[White "Hofstetter, Hans Joachim"]
[Black "Hess, Juergen"]
[Result "1-0"]
[WhiteElo "2176"]
[BlackElo "2201"]
[PlyCount "79"]
[EventDate "2011.10.23"]
[EventType "tourn (corr)"]
[EventRounds "9"]
[EventCountry "GER"]
[SourceTitle "Corr 2015"]
[Source "ChessBase"]
[SourceDate "2015.07.17"]
[SourceVersion "1"]
[SourceVersionDate "2015.07.17"]
[SourceQuality "1"]

1. d4 Nf6 2. c4 g6 3. Nc3 d5 4. cxd5 Nxd5 5. e4 Nxc3 6. bxc3 Bg7 7. Qa4+ Nd7 8. Nf3 0-0 9. Bg5 c5 10. Rc1 Qc7 11. Bd3 a6 12. 0-0 b5 13. Qd1 e5 14. Re1 c4 15. Bb1 exd4 16. cxd4 Re8 17. Qd2 Bb7 18. Bh6 Bh8 19. Bf4 Qb6 20. h4 Rac8 21. h5 b4 22. Bh6 a5 23. Qf4 Nf8 24. Ng5 Re7 25. Bxf8 Rxf8 26. e5 Bg7 27. Rxc4 h6 28. Nf3 Qe6 29. Rec1 g5 30. Qe3 Bd5 31. Qd3 Rd8 32. Qh7+ Kf8 33. Bf5 Qb6 34. Rc5 a4 35. Nh2 b3 36. axb3 axb3 37. Ng4 b2 38. Nf6 bxc1Q+ 39. Rxc1 Rc7 40. Rb1 1-0